000
00314nam a22001337a 4500
008
170413b xxu||||| |||| 00| 0 eng d
020
_a
0871898543
041
_a
eng
080
_a
612.39
100
_a
10
101
_a
SHM
245
_a
HANDBOOK OF DIABETES NUTRITIONAL MANAGEMENT
_c
POWERS, M.A
942
_2
udc
_c
BK
999
_c
10697
_d
10697